Responses for Show #7163 - Wednesday, November 4, 2015

Contestants

[<< previous game]

Jenny Gu, a medical student from Toronto, Ontario, Canada

Sam Stubblefield, a hospital pediatrician from Wilmington, Delaware

Ryan Mewett, a naval officer originally from Plano, Texas (whose 1-day cash winnings total $28,801)

[next game >>]

Jeopardy! Round responses

BEAUTIFUL BUILDINGS
FICTIONAL ORGANIZATIONS
THE COLOR PURPLE
SPEAK "UP"!
BATTLES
IVY LEAGUE ALUMNI
    $200 10
the Taj Mahal

Ryan
    $200 6
(Alex: Bye Bye Birdie.)

Conrad Birdie

Triple Stumper
    $200 20
eggplants

Sam
    $200 24
the upcard

Sam
    $200 1
Lexington & Concord

Ryan
    $200 17
Sotomayor

Jenny
    $400 11
(Jenny: What is the Empire State Building?)

the Chrysler Building

RyanJenny
    $400 7
S.P.E.C.T.R.E.

Sam
    $400 28
Professor Plum

Ryan
    $400 25
an upgrade

Ryan
    $400 2
Waterloo

Ryan
    $400 29
Tommy Lee Jones

Ryan
    $600 12
the lotus

Jenny
    $600 8
Jennifer Garner

Ryan
    $600 21
violet

Sam
    $600 19
(Jenny: What is to back up?)
[Initially ruled incorrect; reversed before Double Jeopardy!]

upload

RyanJenny
    $600 3
Antietam

Ryan
    $600 5
[Alex reads "B-school" as "business school".]

(Warren) Buffett

Sam
    $800 15
the Whitney Museum of American Art

Triple Stumper
    $800 13
Doctor Who

Sam
    $3,000 22
lavender

Sam
    $800 26
upspeak (or uptalk)

Jenny
    $800 4
Agincourt

Jenny
    $800 18
[Alex inaccurately gave the response as "Kristen Gillibrand".]

Kirsten Gillibrand

Triple Stumper
    $1000 16
St. Basil's

Sam
    $1000 14
Hydra

Sam
    $1000 23
amethyst

Jenny
    $1000 27
upsmanship

Ryan
    $1000 9
(Alex: That one kind of fell right into your pocket there, didn't it?)

Leyte

Ryan
    $1000 30
Maya Lin

Sam

Scores at the first commercial break (after clue 15):

Ryan Sam Jenny
$3,400 $2,800 $1,000

Scores at the end of the Jeopardy! Round:

Ryan Sam Jenny
$6,200 $8,800 $3,600

Double Jeopardy! Round responses

MAY THE FORCE BE WITH YOU
THE GROUP'S LEAD SINGER
STATELY RIVERS
(Alex: Each correct response will be the name of a state.)
MERRIAM-WEBSTER NEW WORDS
DEBUT NOVELS
"E" COMMERCE
    $400 4
conservative

Jenny
    $400 12
(Jenny: What is the Tennessee?)

the Alabama

SamJenny
    $400 21
espresso

Sam
    $400 25
Carrie

Jenny
    $800 6
friction

Ryan
    $800 27
[The end-of-round signal sounds.]

Courtney Love

Sam
    $800 13
the Ohio

Ryan
    $800 9
(Sam: What is soft money?)

dark money

Sam
Triple Stumper
    $800 17
A River Runs Through It

Sam
    $1200 5
Coriolis

Ryan
    $1200 19
(David) Byrne

Sam
    $1200 14
the Colorado

Ryan
    $1200 1
(Ryan: What are lemmings?)

(honey)bees

RyanSam
    $1,400 10
(Jenny: Who is... uh... Gloria Steinem?)
...
(Alex: The Fountainhead.)

Ayn Rand

Jenny
    $1200 11
E-Trade

Ryan
    $1600 7
(Jenny: What is impact?)

torque

Jenny
Triple Stumper
    $1600 20
Brittany Howard

Triple Stumper
    $1600 15
(Sam: What is the Snake?)

the Missouri

RyanSam
    $1600 2
clickbait

Sam
    $1600 18
(John) Steinbeck

Jenny
    $4,500 22
Ethan Allen

Sam
    $2000 8
fermions

Jenny
    $2000 26
Brandon Flowers

Jenny
    $2000 16
the Connecticut

Sam
    $2000 3
palliative care

Sam
    $2000 24
George Orwell

Ryan
    $2000 23
Experian & Equifax

Sam

Scores at the end of the Double Jeopardy! Round:

Ryan Sam Jenny
$13,800 $23,300 $6,600

[wagering suggestions for these scores]

Final Jeopardy! Round responses

INTERNATIONAL SPORTS
JennyWhat is ?
$0
RyanWhat is Formula One?
$13,800
SamWhat is Formula 1
$4,301
Formula One

Final scores:

Ryan Sam Jenny
$27,600 $27,601 $6,600
2nd place: $2,000 New champion: $27,601 3rd place: $1,000

Game dynamics:

Coryat scores:

Ryan Sam Jenny
$13,800 $18,200 $8,000
19 R,
1 W
21 R
(including 2 DDs),
2 W
11 R,
4 W
(including 1 DD)

Combined Coryat: $40,000

[game clues] [game scores] [suggest correction]

Game tape date: 2015-09-16
The J! Archive is created by fans, for fans. Scraping, republication, monetization, and malicious use prohibited; this site may use cookies and collect identifying information. See terms. The Jeopardy! game show and all elements thereof, including but not limited to copyright and trademark thereto, are the property of Jeopardy Productions, Inc. and are protected under law. This website is not affiliated with, sponsored by, or operated by Jeopardy Productions, Inc. Join the discussion at JBoard.tv.